000 02606nam0a2200397 4500
001 RU\NLR\BIBL_A\021975056
005 20250625072055.0
010 _a978-5-4492-0487-5
_9150
021 _aRU
_b2023-36320
_9КН-П-3601
035 _a(RuMoRGB)011833047
035 _a(NLR Aleph) 021975056
090 _a12376935
_c12376935
100 _a20230705d2023 |||y0rusy50 ca
101 0 _arus
102 _aRU
105 _a |||j|||000zy
181 0 _ai3
_baxxe
182 0 _an
200 1 _aПрофилактика зубочелюстных аномалий
_eучебное пособие
_eдля студентов стоматологического факультета по дисциплине "Ортодонтия и детское протезирование" и ординаторов по специальностям 31.08.76 "Стоматология детская", 31.08.77 "Ортодонтия"
_fЕ. С. Бимбас, А. С. Шишмарева, Е. З. Хелашвили
_gФедеральное государственное бюджетное учреждение высшего образования "Уральский государственный медицинский университет" Министерства здравоохранения Российской Федерации, Кафедра стоматологии детского возраста и ортодонтии
203 _aТекст
_bвизуальный
_cнепосредственный
210 _aМосква
_cКнигИздат
_d2023
215 _a140 с.
_cил., табл., цв. ил.
_d21
300 _aНа обороте тит. с. 1-й и 2-й авт.: Е. С. Бимбас, д-р мед. наук, проф., А. С. Шишмарева, доц., канд. мед. наук
320 _aБиблиогр.: с. 137-140 (27 назв.)
333 _a16+
606 1 _aЗубочелюстные аномалии детей
_jУчебные издания
_xЭтиология и патогенез
_92557755
_3RU\NLR\AUTH\6601725760
606 1 _aЗубочелюстные аномалии детей
_jУчебные издания
_xПрофилактика
_92560648
_3RU\NLR\AUTH\6601727078
675 _a616.31-084(075.8)
_v4
686 1 _aР733.665.605.0я7
700 1 _aБимбас
_bЕ. С.
_gЕвгения Сергеевна
701 1 _aШишмарева
_bА. С.
_gАнастасия Сергеевна
701 1 _aХелашвили
_bЕ. З.
942 _cBOOK
980 _aNB